| 000 | 00590nam a2200205 a 4500 | ||
|---|---|---|---|
| 001 | 82518 | ||
| 003 | BD-RjUL | ||
| 005 | 20231221135426.0 | ||
| 008 | 180717s1978 sy 000 0 ara d | ||
| 035 | _a(BD-RjUL)82518 | ||
| 040 |
_aTAU _beng _cBD-RjUL |
||
| 041 | 0 | _aara | |
| 082 |
_223 _a892.75 _bABM 1978 |
||
| 100 |
_aAbdul Gafur _910651 |
||
| 245 | 1 | 2 |
_aا المحرم :Muharram / _b _cعبد الغفور ;; abdul Gafur |
| 260 |
_a[دمشق] : _b[لم يذكر اسم الناشر]، _c١٩٧٨ |
||
| 300 |
_a572 p.; ص _c23 cm |
||
| 650 |
_aArabic _xGrammar _910653 |
||
| 942 |
_2ddc _cBK |
||
| 999 |
_c82518 _d82518 |
||